| 000 | 01532cgm a22003015a 4500 | ||
|---|---|---|---|
| 001 | 2545 | ||
| 003 | FISKH | ||
| 005 | 20231214160837.0 | ||
| 008 | 980319r19851983xx 120 vleng | ||
| 010 | _a 98504190 | ||
| 020 | _a9780007934416 | ||
| 040 |
_aDLC _cDLC _dDLC _eamim _dDLC _beng |
||
| 050 | _a823.912 | ||
| 082 | _aPR6045.O72 | ||
| 100 | _aWoolf, Virginia | ||
| 245 | 0 | 0 |
_aTo the lighthouse / _cVirginia Woolf |
| 260 |
_aLondon : _bHarper Press, _c2013 |
||
| 300 |
_a222 pages : _c18 cm |
||
| 508 | _aRosemary Harris, Michael Gough (Mr. Ramsay), Kenneth Branagh. | ||
| 520 | _aThe subject of this extraordinary novel is the daily life of an English family in the Hebrides. "Radiant as [To the Lighthouse] is in its beauty, there could never be a mistake about it: here is a novel to the last degree severe and uncompromising. I think that beyond being about the very nature of reality, it is itself a vision of reality."-Eudora Welty, from her Introduction. | ||
| 541 | _31/2 in. viewing copy; | ||
| 541 | _31/2 in. viewing copy, copy 2; | ||
| 541 | _33/4 in. viewing copy; | ||
| 655 | 7 |
_aTelevision adaptations. _2lcgft |
|
| 655 | 7 |
_aFamily _vTelevision series. _2migfg |
|
| 906 |
_a0 _bcbc _corignew _du _encip _f19 _gy-movingim |
||
| 942 |
_2ddc _cBK _n0 |
||
| 999 |
_c2545 _d2545 |
||